000 01383nam a2200397 a 4500
001 000109276
003 CHAP
005 20221024113650.0
008 140415s2013 mx a sm |||||||spa d
010 _a105738
011 _a106710
040 _cCHAP
090 _aTesis
100 1 _aPérez Méndez, Ana Silvia
_9126588
245 1 0 _aCentro de acopio y manejo de poscosecha de hortalizas con un enfoque de inocuidad en Texcoco, México /
_h[En línea]
_cpor Ana Silvia Pérez Méndez.
260 _aChapingo, Méx. :
_bEl autor.
_c2013
500 _aPara ver el contenido del material haga clic en la liga
502 _aTesis (Ing. Agr. Esp. en Fitotecnia) -- UACH. Departamento de Fitotecnia
590 _aBATCH-UPD
_b10
_c20141002
590 _aE11695DGD
_b10
_c20140424
590 _aE5995AHE
_b05
_c20140415
590 _aE5995AHE
_b05
_c20140415
590 _aE5995AHE
_b05
_c20140415
590 _aE5995AHE
_b05
_c20140415
590 _aE5995AHE
_b05
_c20140415
590 _aE5995AHE
_b05
_c20140415
590 _aE5995AHE
_b05
_c20140415
650 1 4 _aHorticultura
_xMercadeo.
_956354
650 1 4 _aHorticultura
_xMéxico (Edo.)
_956359
650 1 4 _aInocuidad alimentaria.
_958836
650 1 4 _aSalud pública.
_9101813
856 _aFinding aid
_uhttp://10.13.5.2/tesis/sist109276.pdf
_zTeclea aquí
901 _aBK
942 _cTESIS
_2ddc
942 _n0
_2ddc
999 _c105738
_d105738